HITHOPADESAKATHAKAL (Record no. 8360)
[ view plain ]
| 000 -LEADER | |
|---|---|
| fixed length control field | 00320nam a22001337a 4500 |
| 082 ## - DEWEY DECIMAL CLASSIFICATION NUMBER | |
| Classification number | 894.812.3 |
| Item number | SAN/H |
| 100 ## - MAIN ENTRY--AUTHOR NAME | |
| Personal name | SANKUNNI,T.R |
| 245 ## - TITLE STATEMENT | |
| Title | HITHOPADESAKATHAKAL |
| 246 ## - VARYING FORM OF TITLE | |
| Title proper/short title | HITHOPADESAKATHAKAL |
| Remainder of title | HITHOPADESAKATHAKAL |
| 260 ## - PUBLICATION, DISTRIBUTION, ETC. (IMPRINT) | |
| Place of publication | THRISSUR |
| Name of publisher | H&C |
| Year of publication | 2018 |
| 300 ## - PHYSICAL DESCRIPTION | |
| Number of Pages | 240 |
| 520 ## - SUMMARY, ETC. | |
| Summary, etc | HITHOPADESA KATHAKAL |
| 942 ## - ADDED ENTRY ELEMENTS (KOHA) | |
| Koha item type | Books |
| Withdrawn status | Lost status | Collection code | Home library | Current library | Date acquired | Source of acquisition | Cost, normal purchase price | Full call number | Accession Number | Koha item type |
|---|---|---|---|---|---|---|---|---|---|---|
| Fiction | Main Library | Main Library | 25/10/2019 | PURCHASED | 200.00 | 894.812.3 SAN/H | 11702 | Books |